000 00549nam a2200217Ia 4500
005 20250508165252.0
008 008 250505s9999 xx 000 0 eng d
020 _a978-033524376-1
037 _aReference
040 _aFEDL
_beng
_cFEDL
041 _aeng
_2eng
084 _a574, MAC/RR
_qFEDL
100 _aMackean D G
245 0 _aIGCSE biology
250 _a2
260 _aLondon, UK
_bHooder Education
_c2009
300 _axi, 372p.
365 _aINR
_b1295
942 _cREF
_h574, MAC/RR
999 _c1394150
_d1394150